Catholic University of Zimbabwe Library
Online Public Access Catalogue
(OPAC)

The Rise of the Novel : (Record no. 3670)

MARC details
000 -LEADER
fixed length control field 00636cam a22002052 4500
001 - CONTROL NUMBER
control field 0000003817
005 - DATE AND TIME OF LATEST TRANSACTION
control field 20170406115328.0
008 - FIXED-LENGTH DATA ELEMENTS--GENERAL INFORMATION
fixed length control field 140715s xx 000 0 eng d
020 ## - INTERNATIONAL STANDARD BOOK NUMBER
Terms of availability $
040 ## - CATALOGING SOURCE
Original cataloging agency Your Holding Symbol
Transcribing agency Your Holding Symbol
100 1# - MAIN ENTRY--PERSONAL NAME
Personal name Watt Ian.
245 14 - TITLE STATEMENT
Title The Rise of the Novel :
Remainder of title studies in defoe, richardson and fielding /
Statement of responsibility, etc. Ian Watt.
250 ## - EDITION STATEMENT
Edition statement ed.
260 ## - PUBLICATION, DISTRIBUTION, ETC.
Place of publication, distribution, etc. Berkeley and Los Angels :
Name of publisher, distributor, etc. University of Carlifornia Press,
Date of publication, distribution, etc. 1967.
300 ## - PHYSICAL DESCRIPTION
Extent 319 p. ;
Dimensions cm.
504 ## - BIBLIOGRAPHY, ETC. NOTE
Bibliography, etc. note Includes Index.
591 ## -
-- 2005
-- Donation
-- Arupe
650 #0 - SUBJECT ADDED ENTRY--TOPICAL TERM
Topical term or geographic name entry element English Literature.
908 ## - PUT COMMAND PARAMETER (RLIN)
Put command parameter 140715
Holdings
Withdrawn status Lost status Source of classification or shelving scheme Damaged status Not for loan Home library Current library Shelving location Date acquired Total Checkouts Total Renewals Full call number Barcode Date last seen Date last checked out Price effective from Koha item type
          CUZ Harare Campus CUZ Harare Campus Open Shelf 06.04.2017 3 2 PR 851 .W3 BK0004343 22.05.2025 28.05.2018 06.04.2017 OS Book

OPENING HOURS

Weekdays: 0815hrs - 1800hrs
Weekends:0900hrs - 1200hrs

Closed for Mass:

Mon, Thur: 1200hrs - 1300hrs
Sunday & Public Holiday’s

CALL SUPPORT

0242-570570, 0242-570169
09200664, +263 8644140602

LOCATION

18443, Cranborne Avenue, Hatfield, Harare

Other Links


©2021 | CUZ Library